|
|
|
|
| LEADER |
00000ny a22000003n 4500 |
| 005 |
20110510125453.0 |
| 008 |
080820s1999 it zn s 000 b0ita c |
| 022 |
|
|
|a 0392-615X
|
| 035 |
|
|
|a 2121
|
| 040 |
|
|
|a UMA.RE
|d vlex
|
| 080 |
|
|
|a 347.238(051)(0.034)
|
| 080 |
|
|
|a 347.453(051)(0.034)
|
| 090 |
|
|
|c 1530
|d 1530
|
| 245 |
0 |
0 |
|a Archivio delle locazioni e del condominio
|h [Recurso electrn̤ico]
|
| 256 |
|
|
|a Servicio en ln̕ea
|
| 260 |
|
|
|a Piacenza :
|b La Tribuna
|
| 310 |
|
|
|a 6 nm︢eros al aǫ
|
| 506 |
1 |
|
|a Contenido solo disponible en los productos indicados
|d vLex Global
|d vLex Global (Academic Edition, excluding Law Schools)
|d vLex Global (U.S. Academic Edition, Law Schools)
|d vLex Global (U.S. Academic Edition, excluding Law Schools)
|d vLex Global (Academic Edition, Law Schools)
|
| 650 |
0 |
4 |
|a Copropiedad
|x Derecho
|x Publicaciones perid̤icas
|
| 650 |
0 |
4 |
|a Propiedad Inmobiliaria
|x Derecho
|x Publicaciones perid̤icas
|
| 650 |
0 |
4 |
|a Bienes
|
| 650 |
0 |
4 |
|a Condominio
|
| 650 |
0 |
4 |
|a Contratos
|
| 650 |
0 |
4 |
|a Contratos
|
| 650 |
0 |
4 |
|a Arrendamientos
|
| 740 |
0 |
|
|a vLex Revista (Servicios en ln̕ea)
|
| 843 |
|
|
|a Electrn̤ica. Abierta
|
| 853 |
|
|
|8 1
|i (year)
|j (month)
|k (day)
|
| 856 |
4 |
0 |
|u http://vlex.com/source/2121
|z Acceso restringido
|
| 942 |
|
|
|c REV
|